000 01004nam0a22002651 4500
001 rc\993664
005 20250622071353.0
035 _a(NLR Aleph) 006160649
090 _a5859210
_c5859210
100 _a20041129d1981 |||y0rusy50 ca
101 0 _arus
102 _aRU
105 _aa |||||||||
200 1 _aСинтетические цеолиты
_eКристаллизация, структур.-хим. модифицирование и адсорбц. свойства
_fС.П. Жданов, С.С. Хвощев, Н.Н. Самулевич
210 _aМ.
_cХимия
_d1981
215 _a261 с.
_cил.
_d20
320 _aБиблиогр. в конце частей
700 1 _aЖданов
_bС.П.
_gСергей Петрович
701 1 _aХвощев
_bС.С.
_gСергей Сергеевич
701 1 _aСамулевич
_bН.Н.
_gНина Николаевна
801 0 _aRU
_bNLR
_gpsbo
801 1 _aRU
_bELAR
_2rusmarc
852 _aNLR
_j82-3/459
942 _cBOOK
980 _aNB